00429nam a22001337a 4500008004100000040005500041080002000096100001600116245007200132260004400204300001400248650001700262653001600279230510b |||||||| |||| 00| 0 eng d aNational Science LibrarycNational Science Library a808.2:5/6bK4:2 aBalin, V L  aIntroductory Russian course for students of science and technology  aBombay: bAsia Publishing House, c1964 axi, 281p. aLinguistics  aTechnology